000 01141cam a22002894a 4500
999 _c5040
_d5040
001 2156751
005 20170801141359.0
008 990121s1999 dcu b 001 0 eng
010 _a 99017999
020 _a0813209463 (cloth : alk. paper)
020 _a0813209471 (pbk. : alk. paper)
040 _aDLC
_cDLC
_dDLC
042 _apcc
050 0 0 _aB831.2
_b.M48 1999
082 0 0 _a149/.97
_221
100 1 _aMeynell, Hugo A.
_q(Hugo Anthony),
_d1936-
_934256
245 1 0 _aPostmodernism and the New Enlightenment /
_cHugo A. Meynell.
260 _aWashington, D.C. :
_bCatholic University of America Press,
_cc1999.
300 _axii, 198 p. ;
_c21 cm.
504 _aIncludes bibliographical references (p. 187-194) and index.
650 0 _aPostmodernism.
_934257
906 _a7
_bcbc
_corignew
_d1
_eocip
_f19
_gy-gencatlg
942 _2lcc
_cMONOGRAPH